[Event "South America-ch 2nd"]
[Site "Coliseo Miguel Grau"]
[Date "2024.07.29"]
[Round "2"]
[White "Porras Taipe, Rodrigo Thiago"]
[Black "Ruiz Canchapoma, Jaime"]
[Result "0-1"]
[WhiteElo "1489"]
[BlackElo "1837"]
[PlyCount "78"]
[EventDate "2024.07.29"]
[EventType "swiss"]
[EventRounds "9"]
[EventCountry "PER"]
[SourceTitle "EXT 2025"]
[Source "ChessBase"]
[SourceDate "2024.10.14"]
[SourceVersion "1"]
[SourceVersionDate "2024.10.14"]
[SourceQuality "1"]

1. d4 d6 2. f4 g6 3. Nf3 Nf6 4. Nc3 d5 5. b3 Bg7 6. e3 0-0 7. Bb2 c5 8. dxc5 Qa5 9. Ne5 Nc6 10. Qd2 Qxc5 11. Nxc6 bxc6 12. Bd3 Ng4 13. e4 e5 14. g3 exf4 15. gxf4 Re8 16. 0-0-0 Nf2 17. Na4 Bxb2+ 18. Kb1 Qd4 19. c3 Bxc3 20. Nxc3 Nxh1 21. Rxh1 dxe4 22. Nxe4 Rxe4 23. Rf1 Ba6 24. Rf3 Rd8 25. Kc2 Bxd3+ 26. Rxd3 Qxd3+ 27. Qxd3 Rxd3 28. Kxd3 Rxf4 29. Ke3 g5 30. h4 f6 31. hxg5 fxg5 32. a4 h5 33. b4 Rxb4 34. a5 Rf4 35. a6 h4 36. Ke2 h3 37. Ke3 h2 38. Ke2 h1Q 39. Kd3 Qh3+ 0-1